Les 14 allergènes à déclaration obligatoire en Europe - Statistiques

Statistiques générales
  • Ce quiz a été pris 85 fois
  • Le résultat moyen est 7 sur 14
Statistiques - réponses
Allergènes % Correct
Lait
83%
Arachides
77%
Céréales contenant du gluten
77%
Œufs
70%
Fruits à coque
68%
Poissons
55%
Crustacés
47%
Soja
45%
Graines de sésame
30%
Lupin
30%
Mollusques
30%
Anhydride sulfureux et sulfites
28%
Moutarde
28%
Céleri
25%
Aucun quiz correspondant
Distribution des résultats
% des personnes avec chaque résultat
Percentile par nombre de réponses
Votre historique - résultats
Vous n’avez pas pris ce quiz